00429nam a2200133 a 4500008004100000050001500041245008000056246003400136250001500170260005300185300001700238350000900255650003100264120416s1975 ||||||||||||||||| || u aTH 420 Sur10aStandard method of measurement of building works in Zambia.--2nd metric ed. aSurveyors Institute of Zambia a2nd metric aLusaka:bThe Surveyors Institute of Zambiac1975 av, 146 (2)p. a0.00 aQUALITY CONTROL--STANDARDS